Classic Khushwant Singh: Train to Pakistan, I shall not hear the Nightingale, Delhi, Burial at sea (Record no. 177724)

MARC details
000 -LEADER
fixed length control field 00433nam a2200145Ia 4500
008 - FIXED-LENGTH DATA ELEMENTS--GENERAL INFORMATION
fixed length control field 230917s9999||||xx |||||||||||||| ||und||
040 ## - CATALOGING SOURCE
-- 215310
Original cataloging agency VIVEKANANDA LIBRARY
041 ## - Language
-- English
082 ## - DDC NUMBER
Classification number 823.08 K529C
100 ## - MAIN ENTRY--PERSONAL NAME
Personal name Khushwant Singh
245 #0 - TITLE STATEMENT
Title Classic Khushwant Singh: Train to Pakistan, I shall not hear the Nightingale, Delhi, Burial at sea
260 ## - PUBLICATION, DISTRIBUTION, ETC. (IMPRINT)
Place of publication, distribution, etc New Delhi
Name of publisher, distributor, etc Penguin Books
Date of publication, distribution, etc 2010
300 ## - PHYSICAL DESCRIPTION
Pages vii, 737 p.
942 ## - ADDED ENTRY ELEMENTS (KOHA)
Koha item type Books
Holdings
Withdrawn status Lost status Damaged status Not for loan Location (home branch) Sublocation or collection (holding branch) Date acquired Koha issues (times borrowed) Koha full call number Accession No. Koha date last seen Koha item type
        VIVEKANANDA LIBRARY VIVEKANANDA LIBRARY 03/04/2014 1 823.08 K529C 337269 06/05/2025 Books
        VIVEKANANDA LIBRARY VIVEKANANDA LIBRARY 03/04/2014 1 823.08 K529C 337270 09/03/2026 Books
        VIVEKANANDA LIBRARY VIVEKANANDA LIBRARY 03/04/2014   823.08 K529C 337271 17/09/2023 Books
        VIVEKANANDA LIBRARY VIVEKANANDA LIBRARY 03/04/2014 2 823.08 K529C 337272 23/04/2026 Books
        VIVEKANANDA LIBRARY VIVEKANANDA LIBRARY 03/04/2014 1 823.08 K529C 337273 28/07/2025 Books
© Designed and Maintained by Vivekananda Library, MDU Rohtak